EU Started It... Quiz Stats

 Plays Quiz Updated Dec 18, 2018

     
Support Sporcle.
Go Orange.
Score 0/24 Timer 06:00
4 Plays Today
clue EU word % Correct
Land mass which contains all of Russia, and dozens of other countriesEurasia
80.2%
Speech of praise for the recently deceasedeulogy
73.9%
Ending of life in a painless mannereuthanasia
71.3%
Exclamation of discovery attributed to Archimedes, or the State Motto of CaliforniaEureka
65.5%
Of the 700 species of this tree, most are native to Australiaeucalyptus
65.3%
One of the rivers of MesopotamiaEuphrates
61%
An exaggerated feeling of well-being (or the New York team in the LFL)Euphoria
60.5%
The Holy Communion or Sacrament of the TableEucharist
57.9%
O'Neill, McCarthy or KrabsEugene
57.9%
One of the moons of JupiterEuropa
57.3%
A polite word or phrase used in place of a rude wordeuphemism
53.6%
Greek Mathematician known as 'The Father of Geometry'Euclid
53%
clue EU word % Correct
Policy of selective breeding of humanseugenics
37.8%
Band that had hits with 'Here Comes the Rain Again' and 'Love is a Stranger'Eurythmics
37.6%
Hosted The Newlywed Game from 1966 to 2000(Bob) Eubanks
29%
Card game with a 24 card deck in which the bowers trump alleuchre
28.2%
Annual music competition held on live television by the European Broadcasting Union.Eurovision Song Contest
27.6%
Element 63, discovered by Paul Émile Lecoq de Boisbaudraneuropium
27.1%
A large brass musical instrumenteuphonium
25.7%
Tube that links the middle ear to the pharynxEustachian tube
23.8%
Qualcomm email program and first name of writer WeltyEudora
19.4%
This Swiss is considered by many to be the most important mathematican of the 18th centuryEuler
18.4%
Portuguese soccer great, European Footballer of the year in 1965Eusébio
10.2%
The Basque name for their countryEuskadi
4.4%

From the Vault

Movie Teachers by Film Blitz

by Doctor_Arzt

Movies 45s
Here you go, if you want a film degree this is your chance.
Remove Ads.
Support Sporcle.
Get the best of Sporcle when you Go Orange. This ad-free experience offers more features, more stats, and more fun while also helping to support Sporcle. Thank you for becoming a member.

Show Comments

Extras

Top Quizzes Today


Score Distribution

Your Account Isn't Verified!

In order to create a playlist on Sporcle, you need to verify the email address you used during registration. Go to your Sporcle Settings to finish the process.

Report this User

Report this user for behavior that violates our Community Guidelines.

Details: